zpět

Detail výsledku týmu

Dno pytle - Vinohrady, Praha

Datum a čas kvízu

15 Celkem bodů Celkový počet nahraných bodů na tomto kvízu bez doplňovacích otázek.
6. Pořadí na kvízu Konečné umístění týmu na tomto kvízu.

Zaznamenané odpovědi

# Otázka Odpověď Body Výsledky
1. Česká armáda bude mít od první... 0
2. Vůdce autonomního Čečenska Ram... 1
3. Jak vznikala Charta 77 a jak s... 1
4. Ekologickou anticenu Ropák rok... 0
5. „Dejte mu Zlatý míč, musíte mu... 0
6. V každé z otázek v tomto témat... 0
7. Filmy s premiérou v roce 2014. 0
8. Osoby narozené před rokem 1900... 0
9. Živočišné druhy v Orwellově Fa... 0
10. Obrazy Leonarda da Vinciho. 1